Английский язык: практикум устного перевода: учебное пособие; Ч. 1

Библиографические подробности
Автор-организация: Национальный исследовательский Томский политехнический университет
Другие авторы: Зеремская Ю. А. Юлия Александровна (автор составитель), Солодовникова О. В. Ольга Владимировна
Примечания:Учебное пособие предназначено для слушателей дополнительной образовательной программы "Переводчик в сфере профессиональной коммуникации", изучающих дисциплину "Практикум устной и письменной речи (английский)", и включает в себя три модуля "Мнемотехника и переключение", "Обычаи и традиции", "Инновации. Целью учебного пособия является подготовка переводчиков в сфере профессиональной коммуникации. Система упражнений разработана с учетом современных тенденций в теории и практике перевода и переводоведе-ния и направлена на овладение слушателями необходимым первоначальным языковым материалом.
Язык:русский
английский
Опубликовано: Томск, Изд-во ТПУ, 2020
Предметы:
Формат: Книга
Запись в KOHA:https://koha.lib.tpu.ru/cgi-bin/koha/opac-detail.pl?biblionumber=345186

MARC

LEADER 00000nam0a2200000 4500
001 345186
005 20240207161940.0
035 |a (RuTPU)RU\TPU\book\377019 
090 |a 345186 
100 |a 20200924d2020 m y0rusy50 ca 
101 0 |a rus  |a eng 
102 |a RU 
105 |a y j 001zy 
200 1 |a Английский язык: практикум устного перевода  |h Ч. 1  |d Practical Interpretation  |e учебное пособие  |f Национальный исследовательский Томский политехнический университет ; авт.-сост. Ю. А. Зеремская, О. В. Солодовникова 
210 |a Томск  |c Изд-во ТПУ  |d 2020 
215 |a 64 с. 
320 |a Библиогр.: с. 62 
330 |a Учебное пособие предназначено для слушателей дополнительной образовательной программы "Переводчик в сфере профессиональной коммуникации", изучающих дисциплину "Практикум устной и письменной речи (английский)", и включает в себя три модуля "Мнемотехника и переключение", "Обычаи и традиции", "Инновации. Целью учебного пособия является подготовка переводчиков в сфере профессиональной коммуникации. Система упражнений разработана с учетом современных тенденций в теории и практике перевода и переводоведе-ния и направлена на овладение слушателями необходимым первоначальным языковым материалом. 
488 1 |0 (RuTPU)RU\TPU\book\376903  |t Английский язык: Практикум устного перевода  |o учебное пособие  |l Practical interpretation  |h Ч. 1  |f Национальный исследовательский Томский политехнический университет; сост. Ю. А. Зеремская ; О. В. Солодовникова  |c Томск  |n Изд-во ТПУ  |d 2020 
510 1 |a Practical Interpretation  |z eng 
606 1 |a Английский язык  |x Учебные руководства и пособия для высшей школы  |x Пособия по стилистике, переводу  |2 stltpush  |3 (RuTPU)RU\TPU\subj\67887  |9 83516 
610 1 |a труды учёных ТПУ 
610 1 |a профессиональные коммуникации 
610 1 |a профессиональный английский язык 
610 1 |a профессиональная лексика 
610 1 |a устная речь 
610 1 |a письменная речь 
610 1 |a мнемотехника 
610 1 |a переключение 
610 1 |a упражнения 
686 |a Ш143.21-923.7  |2 rubbk 
702 1 |a Зеремская  |b Ю. А.  |c лингвист  |c доцент Томского политехнического университета, кандидат филологических наук  |f 1980-  |g Юлия Александровна  |3 (RuTPU)RU\TPU\pers\31962  |4 070  |4 220  |9 16022 
702 1 |a Солодовникова  |b О. В.  |c лингвист  |c доцент Томского политехнического университета, кандидат философских наук  |f 1971-  |g Ольга Владимировна  |3 (RuTPU)RU\TPU\pers\26848  |4 070  |4 220  |9 12467 
712 0 2 |a Национальный исследовательский Томский политехнический университет  |c (2009- )  |3 (RuTPU)RU\TPU\col\15902  |9 26305 
801 1 |a RU  |b 63413507  |c 20200924 
801 2 |a RU  |b 63413507  |c 20201110  |g RCR 
942 |c BK